000 00746 a2200205 4500
001 60954
005 20260407155859.0
008 260407a1967 arg spa d
003 AR-UNSa-BCEJYS
040 _aAR-UNSa-BCEJYS
_bspa
_cAR-UNSa-BCEJYS
080 _a342.518
_xMinisterios. Departamentos de Estado. Gabinete. Consejo de ministros. Primer ministro. Ministros de gabinete. Secretarios de estado. Ministros de estado. Consejeros de estado. Ministros sin cartera
245 1 0 _aEl consejo de ministros
250 _a2a. ed.
264 1 _aMadrid :
_bEscuela Nacional de Administración Pública
_c1967
300 _a115 p.
_c21 cm.
041 _aspa
942 _cBK
590 _aniveau_biblio:m niveau_hierar:0
100 1 _aGuaita, Aurelio
999 _c7144
_d7144